| 000 | 00459nam a2200181Ia 4500 | ||
|---|---|---|---|
| 003 | SGT | ||
| 020 | _a9788126518616 | ||
| 082 |
_a5.13 _bGHE |
||
| 100 | _aGhezzi,Carlo | ||
| 245 | _aProgramming language concepts | ||
| 250 | _a3rd Ed. | ||
| 260 |
_bWiley India Pvt. Ltd. _aN.Delhi _c2010 |
||
| 300 | _a427p. | ||
| 650 | _aCOMPUTER SCIENCE | ||
| 653 | _aSTRUCTURING THE DATA, STRUCTURING THE COMPUTATION | ||
| 700 | _aJazayeri,Mehdi | ||
| 942 |
_2ddc _cBK _05 |
||
| 999 |
_c5239 _d5239 |
||